| 000 | 00389 a2200121 4500 | ||
|---|---|---|---|
| 001 | ART_7595 | ||
| 005 | 20260410161637.0 | ||
| 008 | 260409a | ||
| 245 | 1 | 0 | _aEl tratamiento contable de las exportaciones en el marco de los tributos locales |
| 100 | 1 | _aLorenzo, Armando | |
| 700 | 1 | _aCavalli, César M. | |
| 773 | 0 |
_tConsultor tributario _g- Nº 3 (may. 2007) _wREV474 |
|
| 999 |
_c12975 _d12975 |
||